Регионална библиотека "Любен Каравелов" - Русе

Романтизмът, неговата обща и музикална естетика (Запис номер 117196)

MARC детайли
000 -Лидер
Контролно поле с фиксирана дължина 01434nam a2200361 c 4500
003 - Код на организацията, давaща контролен номер
Контролно поле BLK
005 - Дата и час на последна редакция
Контролно поле 20240223171546.0
008 - Елементи от данни с фиксирана дължина
fixed length control field 180409b bul|||||r ||||||| ||bul||
010 ## - Наследен системен номер
LC control number KNG00122782000
040 ## - Източник на каталожния запис
Идентификатор на билиотеката - собственик на записа BLK
041 ## - Код за език
Код за езика на текст/звукозапис или на отделно заглавие Български
Код за езика КДБФ Български
080 ## - УДК
Текстов определител УДК История на музиката
УДК код - определител по УДК 78.03
УДК определител
УДК - код + определител 78.03
100 1# - Редна дума - Автор
Автор Солертински, Иван Иванович
Авторска отговорност първи автор
R(LIN) 122073
139 ## - Редно поле
Редна дума Солертински, Иван Иванович
Авторски знак Сол - С 51
245 10 - Сведения за заглавието
Заглавие Романтизмът, неговата обща и музикална естетика
Редно поле (дума) Иван Иванович Солертински; прев. от рус. Мария Узунова.
257 ## - Страна на издаване
Страна на създаване/издаване Русия
260 ## - Област на издателските данни
-- София
Име на издателя, разпространителя и проч. Наука и изкуство
Година на издаване 1963
300 ## - Физическа характеристика
Страници 38 с.
Размери/Мащаб 17 см
380 ## - Жанр
Жанр Изкуство
490 1# - СЕРИИ (Колекции)
Име на серия В помощ на слушателя
650 #4 - Допълнително описание по предмет – тема
Основно описание – тема или топоним Музика - история
9 (RLIN) 249453
650 #4 - Допълнително описание по предмет – тема
Основно описание – тема или топоним Музика - естетика
9 (RLIN) 281916
653 ## - Ключова дума – ненормативна
Ключова дума романтизъм
653 ## - Ключова дума – ненормативна
Ключова дума музика
653 ## - Ключова дума – ненормативна
Ключова дума музикална естетика
700 1# - Други автори (авторска отговорност)
Лично име Узунова, Мария
Автороска отговорност (Описва отношението между автора и произведението) прев. от рус.
9 (RLIN) 370555
852 ## - Местоположение
Форматна сигнатура Цб І 5967
856 4# - Електронен адрес и достъп
Електронен формат pdf - файл
Път до файла /url/
856 4# - Електронен адрес и достъп
Електронен формат pdf - файл
Път до файла /url/
942 ## - АРТИКУЛИ
Вид на библиотечния материал Книги
Скрит в OPAC Не
Koha issues (borrowed), all copies 1
944 ## - СЪЗДАВАНЕ И РЕДАКЦИЯ на ЗАПИСА
Създаване/Редакция Създаване
Дата на регистрацията/редакция 09.04.2011
Статус, дата на статуса Радостина Карадакова
Служител, извършил регистрацията/редакцията 30534
944 ## - СЪЗДАВАНЕ И РЕДАКЦИЯ на ЗАПИСА
Създаване/Редакция Редакция
Дата на регистрацията/редакция 09.04.2011
Статус, дата на статуса добави в АБ / 08.04.2011
Служител, извършил регистрацията/редакцията
999 ## - СИСТЕМНИ КОНТРОЛНИ НОМЕРА
Koha biblionumber 117196
Koha biblioitemnumber 117196
Наличности
Код за отписване Код за изгубен артикул Източник на класификационната схема Код за повреда Коз за рестрикции Код за отдаване Артикулен № Име на библиотеката - собственик Име на библиотеката, в която се намира в момента Статус (Текущо местоположение) Дата на вписване в системата Местоположение - отдел Цена в лева Инвентарен номер Систематично азбучна сигнатура Баркод Номер на екземпляра Цена в евро Служебна бележка Служебен тип на артикула
Изтеглен Не е изгубен Universal Decimal Classification Не е повреден без рестрикции ползва се в читалня 188911 Регионална библиотека "Любен Каравелов" Русе Регионална библиотека "Любен Каравелов" Русе Отдел Изкуство - читалня 1963-01-01 Отдел Изкуство - читалня 0.00 4560/63 И 78.03/С 51 4560/63 1 0.00 N: стар фонд Дата: 01.01.1963 Дата инв: 19.06.2012 Бележки инв: * Книги
  Не е изгубен Universal Decimal Classification Не е повреден само за читалня ползва се в читалня 789045 Регионална библиотека "Любен Каравелов" Русе Регионална библиотека "Любен Каравелов" Русе Хранилище 2020-08-10 Хранилище 0.06 5349/63 Цб І 5967 900000027879   0.03   Книги
Vip Innovations Ltd, Rousse, Bulgaria 2025